000 00806nam a22002537a 4500
999 _c15860
_d15860
005 20190226142831.0
008 080927t xxu||||| |||| 00| 0 eng d
010 _aB-128030
020 _c150.00
_a8172236638
035 _aB-128030,B-128031
082 _aN
100 _aRuswa, Mirza Mohammad Hadi,
240 _aUmrāʼo Jān Adā.
_lEnglish
245 _aUmrao Jan Ada (courtesan of Lucknow) /
_cMirza Mohammad Hadi Ruswa ; translated by Khushwant Singh
260 _aNew delhi
_bHarperCollins Publishers
_c2006
300 _a286 p. ;
_c18 cm.
500 _a"1st published in Pakistan."
500 _aReprint of the 1961 ed.
500 _aTranslation of Umrāʼo Jān Adā.
504 _aBibliography: p. 287.
700 _aKhushwant Singh
942 _2ddc
_cEN
_hN
_mRUS